000 00202nam a22000857a 4500
999 _c4740
_d4740
008 161208b xxu||||| |||| 00| 0 eng d
020 _a9788178692333
100 _91948
_aMehta.N.
245 _aSoup Salad
260 _aNew Delhi
_bSnas
_c2011